| 000 | 01051nam a22002537a 4500 | ||
|---|---|---|---|
| 001 | BD-DhSAU 7469 | ||
| 003 | BD-DhSAU | ||
| 005 | 20240320105100.0 | ||
| 008 | 150422b2006 bg ||||| m||m 00| 0 eng d | ||
| 040 | _aBD-DhSAU | ||
| 082 |
_222 _a630 _bD111 |
||
| 100 |
_aUDDIN, MD. DABIR _eRegistration No. # 15-06401 |
||
| 245 |
_aEffect of biofertilizer, farm-yard manure and vermicompost on growth and yield of lentil / _bMS thesis |
||
| 260 |
_aSher-e- Bangla Agricultural University: _bDepartment of Agronomy, _c2022. |
||
| 300 |
_aix, 58p.: _b30 cm. |
||
| 500 | _aMS thesis of Department of Agronomy, Faculty of Agriculture, Sher-e-Bangla Agricultural University, Dhaka, Bangladesh | ||
| 590 | _aNamul | ||
| 650 | _abiofertilizer, farm-yard manure | ||
| 651 | _avermicompost on growth and yield of lentil | ||
| 700 |
_aProf. Dr. Md. Fazlul Karim _eSuperviser |
||
| 700 |
_aProf. Dr. Md. Abdullahil Baque _eCo-Superviser |
||
| 856 | _uhttp://archive.saulibrary.edu.bd:8080/xmlui/handle/123456789/5105 | ||
| 942 |
_2ddc _cTHESIS |
||
| 999 |
_c17449 _d17448 |
||